00279nam a2200109Ia 4500008004100000100003100041245001500072260000900087300002900096440002400125650002000149180117s9999 xx 000 0 und d aby Luisito batongbakal, Jr aFilipiknow c2017 a16-18 pages, 2017 June 4 aPhilippine Panorama aYOUNG AND BRAVE